000 00841nam a2200265Ia 4500
001 Para_3965
003 CHAP
008 220125s1944 xx 000 0 und d
010 _a202229
040 _cCHAP
090 _aPA FOLLETO 1360
100 _aGould, George E
_950115
245 _aThe biology and control of the striped cucumber beetle /
_c George E. Gould
260 _a[West Lafayette], Indiana :
_b Agricultural Experiment Station
300 _a28 p.
440 _aIndiana: Agricultural Experiment Station, Bulletin; 490
_9167324
650 _aEscarabajos Insectos
_x BiologĂ­a Control de plagas Pepino
_x Plagas
_9167325
901 _aPA FOLLETO 1360
902 _aA
905 _a0000001944 [WE 0000000000 00
910 _a1944
942 _cPARA
942 _cPARA
_d1
999 _c202229
_d202229